书目信息 |
| 题名: |
微分几何
|
|
| 作者: | 梅向明 , 黄敬之 编 | |
| 分册: | ||
| 出版信息: | 北京 高等教育出版社 2003 |
|
| 页数: | 336页 | |
| 开本: | 21cm | |
| 丛书名: | ||
| 单 册: | ||
| 中图分类: | O186.1 | |
| 科图分类: | ||
| 主题词: | 微分几何--高等学校 | |
| 电子资源: | ||
| ISBN: | 7-04-012945-0 | |
| 000 | 00789nam0 2200253 45 | |
| 001 | 070025623790 | |
| 005 | 20070726105942.78 | |
| 010 | @a7-04-012945-0@dCNY16.50 | |
| 100 | @a20040510e20042003ekmy0chiy0120 ea | |
| 101 | 0 | @achi |
| 102 | @aCN@b110000 | |
| 105 | @aa z 000yy | |
| 200 | 1 | @a微分几何@Awei fen ji he@f梅向明,黄敬之编@FMei Xiang Ming,Huang Jing Zhi Bian |
| 205 | @a3版 | |
| 210 | @a北京@c高等教育出版社@d2003 | |
| 215 | @a336页@c图@d21cm | |
| 300 | @a高等学校教材 | |
| 330 | @a本书内容包括四章:曲线论、曲面论、外微分形式和活动标架、整体微分几何初步,本次出版在书后添加了名词索引。 | |
| 606 | 0 | @a微分几何@x高等学校 |
| 690 | @aO186.1@v4 | |
| 701 | 0 | @a梅向明@4编 |
| 701 | 0 | @a黄敬之@4编 |
| 801 | 0 | @aCN@bCXYBOOK@c20070726 |
| 905 | @f10@b357136-145@dO186.1@e12=3 | |
| 微分几何/梅向明,黄敬之编.-3版.-北京:高等教育出版社,2003 |
| 336页:图;21cm |
| 高等学校教材 |
| ISBN 7-04-012945-0:CNY16.50 |
| 本书内容包括四章:曲线论、曲面论、外微分形式和活动标架、整体微分几何初步,本次出版在书后添加了名词索引。 |
| ● |
| 相关链接 |
|
|
|
|
正题名:微分几何
索取号:O186.1/12=3
 
预约/预借
| 序号 | 登录号 | 条形码 | 馆藏地/架位号 | 状态 | 备注 |
| 1 | 0357136 | 3571361 | 第二样本阅览室/ [索取号:O186.1/12=3] | 在馆 | |
| 2 | 0357137 | 3571370 | 第三借阅区/ [索取号:O186.1/12=3] | 在馆 | |
| 3 | 0357138 | 3571389 | 第三借阅区/ [索取号:O186.1/12=3] | 在馆 | |
| 4 | 0357139 | 3571398 | 第三借阅区/ [索取号:O186.1/12=3] | 在馆 | |
| 5 | 0357140 | 3571405 | 第三借阅区/ [索取号:O186.1/12=3] | 在馆 | |
| 6 | 0357141 | 3571414 | 第三借阅区/ [索取号:O186.1/12=3] | 在馆 | |
| 7 | 0357142 | 3571423 | 第三借阅区/ [索取号:O186.1/12=3] | 在馆 | |
| 8 | 0357143 | 3571432 | 第三借阅区/ [索取号:O186.1/12=3] | 在馆 | |
| 9 | 0357144 | 3571441 | 第三借阅区/ [索取号:O186.1/12=3] | 在馆 | |
| 10 | 0357145 | 3571450 | 第三借阅区/ [索取号:O186.1/12=3] | 在馆 | |
| 11 | 0687474 | 206874747 | 库房3/ [索取号:O186.1/12=3] | 在馆 | |
| 12 | 0687475 | 206874756 | 库房3/ [索取号:O186.1/12=3] | 在馆 | |
| 13 | 0687476 | 206874765 | 库房3/ [索取号:O186.1/12=3] | 在馆 | |
| 14 | 0687477 | 206874774 | 库房3/ [索取号:O186.1/12=3] | 在馆 | |
| 15 | 0687478 | 206874783 | 库房3/ [索取号:O186.1/12=3] | 在馆 | |
| 16 | 0687479 | 206874792 | 库房3/ [索取号:O186.1/12=3] | 在馆 | |
| 17 | 0775312 | 207753126 | 密集书库/ [索取号:O186.1/12=3] | 在馆 | |
| 18 | 0775387 | 207753876 | 密集书库/ [索取号:O186.1/12=3] | 在馆 | |
| 19 | 0775439 | 207754394 | 密集书库/ [索取号:O186.1/12=3] | 在馆 | |
| 20 | 0775442 | 207754429 | 密集书库/ [索取号:O186.1/12=3] | 在馆 | |
| 21 | 0775485 | 207754857 | 密集书库/ [索取号:O186.1/12=3] | 在馆 | |
| 22 | 0775504 | 207755044 | 密集书库/ [索取号:O186.1/12=3] | 在馆 | |
| 23 | 0775597 | 207755972 | 密集书库/ [索取号:O186.1/12=3] | 在馆 | |
| 24 | 0777499 | 207774997 | 密集书库/ [索取号:O186.1/12=3] | 在馆 | |
| 25 | 0777964 | 207779643 | 密集书库/ [索取号:O186.1/12=3] | 在馆 | |
| 26 | 0778617 | 207786172 | 密集书库/ [索取号:O186.1/12=3] | 在馆 | |
| 27 | 0778622 | 207786225 | 密集书库/ [索取号:O186.1/12=3] | 在馆 | |
| 28 | 0778767 | 207787670 | 密集书库/ [索取号:O186.1/12=3] | 在馆 | |
| 29 | 0779046 | 207790461 | 密集书库/ [索取号:O186.1/12=3] | 在馆 | |
| 30 | 0779063 | 207790639 | 密集书库/ [索取号:O186.1/12=3] | 在馆 | |
| 31 | 0779351 | 207793510 | 密集书库/ [索取号:O186.1/12=3] | 在馆 | |
| 32 | 0788123 | 207881238 | 密集书库/ [索取号:O186.1/12=3] | 在馆 | |
| 33 | 0788190 | 207881906 | 密集书库/ [索取号:O186.1/12=3] | 在馆 |